Thiền & võ đạo

Guardat en:
Dades bibliogràfiques
Autor principal: Ngô, Ánh Tuyết
Format: Llibre
Idioma:Undetermined
Publicat: Huế Thuận Hóa 2002
Matèries:
Etiquetes: Afegir etiqueta
Sense etiquetes, Sigues el primer a etiquetar aquest registre!
Thư viện lưu trữ: Trung tâm Học liệu Trường Đại học Cần Thơ
LEADER 00532nam a2200193Ia 4500
001 CTU_95025
008 210402s9999 xx 000 0 und d
020 |c 22000 
082 |a 294.3927 
082 |b T528 
100 |a Ngô, Ánh Tuyết 
245 0 |a Thiền & võ đạo 
245 0 |c Ngô Ánh Tuyết, Vương Long 
260 |a Huế 
260 |b Thuận Hóa 
260 |c 2002 
650 |a Conduct of life,Zen buddhism 
904 |i Mai Loan 
980 |a Trung tâm Học liệu Trường Đại học Cần Thơ